000 00746nam a2200253 i 4500
001 9810
003 ES-MaACL
005 20250815005257.0
007 t|
008 940114s1991 sp |||| | spa d
020 _a84-7423-502-2
080 _a308:9
080 _a90:308
100 1 _aCasanova, Julián.
_936101
245 1 3 _aLa historia social y los historiadores
_b: ¿cenicienta o princesa? /
_cJulián Casanova.
260 _aBarcelona :
_bCrítica,
_c[1991]
300 _a178 p. ;
_c20 cm.
490 1 _aCrítica/historia y teoría
504 _aBibliografía: p.167-171.
650 1 7 _aHistoria social
_2embne
_913428
830 0 _aCrítica/historia y teoría
_9184303
852 _aES-MaACL
_jL-17331
999 _c9810
_d9810